000 00455nam a22001812 4500
001 0000005449
005 20151217160102.0
008 070614s xx 000 0 eng d
040 _aKABU
_cKABU
050 0 _aPE1119
_b.M3M57
100 1 _aMbure, Sam.
_@0000156757
245 1 0 _aMister Todi.
260 _aNairobi :
_bOUP,
_c2000.
300 _a24 p.
908 _a070614
950 _@1
999 _c14019
_d14019